000 01622nam a22002417a 4500
008 251029b |||||||| |||| 00| 0 eng d
020 _a9781250198617
040 _ctbs
041 _aeng
100 _aWebber, Heather S.
_926125
_eauthor
245 _aMidnight at the Blackbird Café
_c/ Heather S. Webber.
260 _aNew York, NY :
_bForge,
_c2019.
300 _a333 pages ;
_c22 cm.
520 _aHeather Webber's Midnight at the Blackbird Café is a captivating blend of magical realism, heartwarming romance, and small-town Southern charm. Nestled in the mountain shadows of Alabama lies the little town of Wicklow. It is here that Anna Kate has returned to bury her beloved Granny Zee, owner of the Blackbird Café. It was supposed to be a quick trip to close the café and settle her grandmother's estate, but despite her best intentions to avoid forming ties or even getting to know her father's side of the family, Anna Kate finds herself inexplicably drawn to the quirky Southern town her mother ran away from so many years ago, and the mysterious blackbird pie everybody can't stop talking about. As the truth about her past slowly becomes clear, Anna Kate will need to decide if this lone blackbird will finally be able to take her broken wings and fly.
650 0 _aMagical
_vFiction
_926370
650 0 _aGrandmothers
_xDeath
_vFiction
_926371
650 0 _aRestaurants
_vFiction
_926372
650 0 _aFamily secrets
_vFiction
_923679
650 0 _aHomecoming
_vFiction
_924048
650 0 _aMagic realism (Literature)
_vFiction
_926373
651 0 _aAlabama (United States)
_vFiction
_926374
942 _2lcc
999 _c5120
_d5120